<?xml version="1.0" encoding="UTF-8"?>
<record
    xmlns:xsi="http://www.w3.org/2001/XMLSchema-instance"
    xsi:schemaLocation="http://www.loc.gov/MARC21/slim http://www.loc.gov/standards/marcxml/schema/MARC21slim.xsd"
    xmlns="http://www.loc.gov/MARC21/slim">

  <leader>02732nam a22002897a 4500</leader>
  <controlfield tag="003">OSt</controlfield>
  <controlfield tag="005">20250513140152.0</controlfield>
  <controlfield tag="008">250512t2020    flu||||| |||| 00| 0 eng d</controlfield>
  <datafield tag="020" ind1=" " ind2=" ">
    <subfield code="a">978 - 0 - 367 - 13610 - 9</subfield>
  </datafield>
  <datafield tag="040" ind1=" " ind2=" ">
    <subfield code="a">CHAP</subfield>
    <subfield code="c">PA</subfield>
    <subfield code="e">rda</subfield>
  </datafield>
  <datafield tag="041" ind1=" " ind2=" ">
    <subfield code="a">eng</subfield>
    <subfield code="b">eng</subfield>
    <subfield code="f">eng</subfield>
    <subfield code="h">eng</subfield>
  </datafield>
  <datafield tag="082" ind1="0" ind2="0">
    <subfield code="a">PA 632.96</subfield>
    <subfield code="b">.S56 2020</subfield>
  </datafield>
  <datafield tag="100" ind1=" " ind2=" ">
    <subfield code="a">Shoda, Makoto</subfield>
    <subfield code="e">autor</subfield>
    <subfield code="9">190341</subfield>
  </datafield>
  <datafield tag="245" ind1=" " ind2=" ">
    <subfield code="a">Biocontrol of plant diseases by Bacillus subtilis: </subfield>
    <subfield code="b">Basic and practical applications /</subfield>
    <subfield code="c">Makoto Shoda</subfield>
  </datafield>
  <datafield tag="264" ind1=" " ind2=" ">
    <subfield code="a">Boca Raton :</subfield>
    <subfield code="b">CRC Press, Taylor &amp; Francis Group,</subfield>
    <subfield code="c">2020</subfield>
  </datafield>
  <datafield tag="300" ind1=" " ind2=" ">
    <subfield code="a">xiii, 325 paginas:</subfield>
    <subfield code="b">ilustraciones ;</subfield>
  </datafield>
  <datafield tag="336" ind1=" " ind2=" ">
    <subfield code="2">rdacontent</subfield>
    <subfield code="a">texto</subfield>
    <subfield code="b">txt</subfield>
  </datafield>
  <datafield tag="337" ind1=" " ind2=" ">
    <subfield code="2">rdamedia</subfield>
    <subfield code="a">sin medio</subfield>
    <subfield code="b">n</subfield>
  </datafield>
  <datafield tag="338" ind1=" " ind2=" ">
    <subfield code="2">rdacarrier</subfield>
    <subfield code="a">volumen</subfield>
    <subfield code="b">nc</subfield>
  </datafield>
  <datafield tag="505" ind1=" " ind2=" ">
    <subfield code="a">Preface. -- Author. -- Chapter 1. Introduction. -- Chapter 2. In Vitro Selection of B. subtilis as a Candidate of Biocontrol Agent and Characterization of Suppressive Products. -- Chapter 3. In Vivo Plant Tests. -- Chapter 4. Stability of B. subtilis and Its Derivative Strains in Soil. -- Chapter 5. Development of Transformation Methods of B. subtilis and Cloning of Genes Responsible for Biosynthesis of Lipopeptide Antibiotics. -- Chapter 6 .Genetic Analysis of B. subtilis Related with Production of Three Peptide Substances. -- Chapter 7. Optimization Study of Production of Antifungal Substances and Spores in Submerged Fermentation (SmF) or in Solid-State Fermentation (SSF). -- Chapter 8. Surfactin Production and Plasmid Stability. -- Chapter 9. Co-Use of B. subtilis with Chemical Pesticide. -- Chapter 10. Mixed Culture Effect on Biocontrol. -- Chapter 11. Practical Application of B. subtilis in Fruit Gardens for Biocontrol of Diseases. -- Chapter 12. Conclusions. Index.</subfield>
  </datafield>
  <datafield tag="520" ind1=" " ind2=" ">
    <subfield code="a">Las enfermedades de las plantas representan una grave amenaza para la producci&#xF3;n de alimentos. Este volumen &#xFA;nico proporciona el conocimiento fundamental y el uso pr&#xE1;ctico de Bacillus subtilis como prometedor agente de biocontrol. Para reemplazar los pesticidas qu&#xED;micos, una posibilidad son los pesticidas microbianos que utilizan microbios seguros. Bacillus subtilis es uno de varios candidatos. Aqu&#xED; se presenta el cribado de la bacteria, la aplicaci&#xF3;n de pruebas en plantas, la aclaraci&#xF3;n de su mecanismo supresor frente a fitopat&#xF3;genos y los aspectos de ingenier&#xED;a de la producci&#xF3;n de p&#xE9;ptidos supresores. El autor ilustra c&#xF3;mo Bacillus subtilis es mucho m&#xE1;s ventajoso que, por ejemplo, Pseudomonas en el biocontrol y puede considerarse un candidato &#xFA;til.</subfield>
  </datafield>
  <datafield tag="534" ind1=" " ind2=" ">
    <subfield code="p">T&#xED;tulo original:</subfield>
  </datafield>
  <datafield tag="650" ind1=" " ind2="0">
    <subfield code="a">Plagucidas Microbianos</subfield>
    <subfield code="9">190353</subfield>
  </datafield>
  <datafield tag="650" ind1=" " ind2="0">
    <subfield code="a">Bacillus subtilis</subfield>
    <subfield code="x">Biotecnolog&#xED;a </subfield>
    <subfield code="9">190354</subfield>
  </datafield>
  <datafield tag="650" ind1=" " ind2="7">
    <subfield code="a">Organismos fitopat&#xF3;genos</subfield>
    <subfield code="x">Control biol&#xF3;gico</subfield>
    <subfield code="9">83519</subfield>
  </datafield>
  <datafield tag="942" ind1=" " ind2=" ">
    <subfield code="2">ddc</subfield>
    <subfield code="c">Libro</subfield>
  </datafield>
  <datafield tag="999" ind1=" " ind2=" ">
    <subfield code="c">220524</subfield>
    <subfield code="d">220524</subfield>
  </datafield>
  <datafield tag="952" ind1=" " ind2=" ">
    <subfield code="0">0</subfield>
    <subfield code="1">0</subfield>
    <subfield code="2">ddc</subfield>
    <subfield code="4">0</subfield>
    <subfield code="5">1</subfield>
    <subfield code="7">0</subfield>
    <subfield code="8">GRAL</subfield>
    <subfield code="a">PA</subfield>
    <subfield code="b">PA</subfield>
    <subfield code="d">2025-05-12</subfield>
    <subfield code="e">Compra</subfield>
    <subfield code="f">Libro</subfield>
    <subfield code="i">I.274359</subfield>
    <subfield code="l">0</subfield>
    <subfield code="o">PA 632.96 .S56 2020</subfield>
    <subfield code="p">4102004100</subfield>
    <subfield code="r">2025-05-12 15:57:33</subfield>
    <subfield code="t">Ej.1</subfield>
    <subfield code="w">2025-05-12</subfield>
    <subfield code="y">LIBRO</subfield>
  </datafield>
  <datafield tag="952" ind1=" " ind2=" ">
    <subfield code="0">0</subfield>
    <subfield code="1">0</subfield>
    <subfield code="2">ddc</subfield>
    <subfield code="4">0</subfield>
    <subfield code="5">3</subfield>
    <subfield code="7">0</subfield>
    <subfield code="8">GRAL</subfield>
    <subfield code="a">PA</subfield>
    <subfield code="b">PA</subfield>
    <subfield code="d">2025-05-13</subfield>
    <subfield code="e">Compra</subfield>
    <subfield code="f">Libro</subfield>
    <subfield code="i">I.274360</subfield>
    <subfield code="l">0</subfield>
    <subfield code="o">PA 632.96 .S56 2020</subfield>
    <subfield code="p">4102004101</subfield>
    <subfield code="r">2025-05-13 15:15:40</subfield>
    <subfield code="t">Ej.2</subfield>
    <subfield code="w">2025-05-13</subfield>
    <subfield code="y">LIBRO</subfield>
  </datafield>
  <datafield tag="952" ind1=" " ind2=" ">
    <subfield code="0">0</subfield>
    <subfield code="1">0</subfield>
    <subfield code="2">ddc</subfield>
    <subfield code="4">0</subfield>
    <subfield code="5">3</subfield>
    <subfield code="7">0</subfield>
    <subfield code="8">GRAL</subfield>
    <subfield code="a">PA</subfield>
    <subfield code="b">PA</subfield>
    <subfield code="d">2025-05-14</subfield>
    <subfield code="e">Compra</subfield>
    <subfield code="f">Libro</subfield>
    <subfield code="i">I.274358</subfield>
    <subfield code="l">0</subfield>
    <subfield code="o">PA 632.96 .S56 2020</subfield>
    <subfield code="p">4102004105</subfield>
    <subfield code="r">2025-05-14 14:28:52</subfield>
    <subfield code="t">Ej.3</subfield>
    <subfield code="w">2025-05-14</subfield>
    <subfield code="y">LIBRO</subfield>
  </datafield>
</record>
